000
00257nam a2200097Ia 4500
001
642522
005
20250826153528.0
008
250824s9999 xx 000 0 und d
245
0
_a
VENEDİK TACİRİ ANTİK
_c
SHAKESPEARE
260
_b
ANTİK DÜNYA KLASİKLERİ
999
_c
642522
_d
642522